<?xml version="1.0" encoding="UTF-8"?>
<collection xmlns="http://www.loc.gov/MARC21/slim">
 <record>
  <leader>02248nab a2200265 i 4500</leader>
  <controlfield tag="001">acta71072</controlfield>
  <controlfield tag="005">20240408130313.0</controlfield>
  <controlfield tag="008">210113s2019    hu      o     0||   eng d</controlfield>
  <datafield tag="022" ind1=" " ind2=" ">
   <subfield code="a">2063-4803</subfield>
  </datafield>
  <datafield tag="024" ind1="7" ind2=" ">
   <subfield code="a">10.14232/rard.2019.1-2.133-138</subfield>
   <subfield code="2">doi</subfield>
  </datafield>
  <datafield tag="040" ind1=" " ind2=" ">
   <subfield code="a">SZTE Egyetemi Kiadványok Repozitórium</subfield>
   <subfield code="b">hun</subfield>
  </datafield>
  <datafield tag="041" ind1=" " ind2=" ">
   <subfield code="a">eng</subfield>
  </datafield>
  <datafield tag="100" ind1="1" ind2=" ">
   <subfield code="a">Vojnich Viktor József</subfield>
  </datafield>
  <datafield tag="245" ind1="1" ind2="4">
   <subfield code="a">The effect of different doses of magnesium treatments on the fenugreek (Trigonella foenum-graecum L.) yield</subfield>
   <subfield code="h">[elektronikus dokumentum] /</subfield>
   <subfield code="c"> Vojnich Viktor József</subfield>
  </datafield>
  <datafield tag="260" ind1=" " ind2=" ">
   <subfield code="a">University of Szeged, Faculty of Agriculture</subfield>
   <subfield code="b">Szeged</subfield>
   <subfield code="c">2019</subfield>
  </datafield>
  <datafield tag="300" ind1=" " ind2=" ">
   <subfield code="a">133-138</subfield>
  </datafield>
  <datafield tag="490" ind1="0" ind2=" ">
   <subfield code="a">Review on agriculture and rural development</subfield>
   <subfield code="v">8 No. 1-2</subfield>
  </datafield>
  <datafield tag="520" ind1="3" ind2=" ">
   <subfield code="a">Fenugreek (Trigonella foenum-graecum L.) is an annual plant belonging to the legumes (Fabaceae) family. The plant is a Mediterranean one, native to the Mediterranean coast. It is a multi-use plant that is used as a herb, spice, and fodder plant. Fenugreek has high protein content and is well suited for feeding domestic and wild animals. Our open-field experiment was set up at the beginning of April 2018 in John von Neumann University, Faculty of Horticulture and Rural Development (Kecskemét). The treatments were: treatment 1 = 150 kg/ha, treatment 2 = 300 kg/ha, treatment 3 = 450 kg/ha complex fertilizer. The treatments were carried out in plots of 50-50 m2 . In the experiment, different nutrient supply treatments were set up to achieve the highest fresh biomass weight. The fertilizer used in the research was Novatec premium (15 N - 3 P2O5 - 20 K2O - 2 MgO). When measuring fresh weight of fenugreek, the highest value was measured after 300 kg/ha treatment (14.45 kg). The values of treatment 1 (7.8 kg) and the treatment 3 (8.5 kg) were almost the same. The highest dose of treatment (450 kg/ha) resulted a decrease in the yield of T. foenum-graecum in our experiment.</subfield>
  </datafield>
  <datafield tag="650" ind1=" " ind2="4">
   <subfield code="a">Mezőgazdaság-tudományok</subfield>
  </datafield>
  <datafield tag="650" ind1=" " ind2="4">
   <subfield code="a">Mezőgazdaság, erdészet, halászat</subfield>
  </datafield>
  <datafield tag="695" ind1=" " ind2=" ">
   <subfield code="a">Növénytermesztés, Műtrágyázás</subfield>
  </datafield>
  <datafield tag="700" ind1="0" ind2="1">
   <subfield code="a">Pető Judit</subfield>
   <subfield code="e">aut</subfield>
  </datafield>
  <datafield tag="700" ind1="0" ind2="1">
   <subfield code="a">Palkovics András</subfield>
   <subfield code="e">aut</subfield>
  </datafield>
  <datafield tag="700" ind1="0" ind2="1">
   <subfield code="a">Hüvely Attila</subfield>
   <subfield code="e">aut</subfield>
  </datafield>
  <datafield tag="856" ind1="4" ind2="0">
   <subfield code="u">http://acta.bibl.u-szeged.hu/71072/1/agricul_review_2019_001_002_133-138.pdf</subfield>
   <subfield code="z">Dokumentum-elérés </subfield>
  </datafield>
 </record>
</collection>
